1000 Most Famous People (MIT Pantheon 2022) - Statistics

General Stats
  • This quiz has been taken 2,600 times
  • The average score is 168 of 1000
Answer Stats
Rank Historical Figure Occupation Birth/Death Country % Correct
3 Jesus Christ Religious Figure 4 BC-33 AD Israel
96%
1 Muhammad Religious Figure 570-632 Saudi Arabia
92%
14 Adolf Hitler Politician 1889-1945 Austria
89%
2 Isaac Newton Physicist 1643-1726 United Kingdom
88%
689 Kublai Khan Politician 1215-1294 China
88%
5 Leonardo da Vinci Inventor 1452-1519 Italy
87%
8 Ludwig van Beethoven Composer 1770-1827 Germany
86%
15 Wolfgang Amadeus Mozart Composer 1756-1791 Austria
86%
17 Albert Einstein Physicist 1879-1955 Germany
85%
16 Christopher Columbus Explorer 1451-1506 Italy
83%
19 Julius Caesar Politician 100 BC-44 BC Italy
82%
4 Genghis Khan Military Personnel 1162-1227 Mongolia
81%
12 Napoleon Politician 1769-1821 France
80%
7 Plato Philosopher 427 BC-347 BC Greece
80%
37 Joseph Stalin Politician 1879-1953 Georgia
78%
13 Socrates Philosopher 470 BC-399 BC Greece
78%
10 Alexander the Great Military Personnel 356 BC-323 BC Greece
77%
11 Galileo Galilei Astronomer 1564-1642 Italy
77%
446 Zheng He Explorer 1387-1433 China
77%
305 George Washington Politician 1732-1799 United States
76%
387 John the Apostle Religious Figure 6-100 Israel
76%
6 Aristotle Philosopher 384 BC-321 BC Greece
75%
20 Johann Sebastian Bach Composer 1685-1750 Germany
74%
85 John the Baptist Religious Figure 20 BC-31 AD Israel
74%
21 Martin Luther Religious Figure 1483-1546 Germany
74%
48 Cleopatra Politician 69 BC-30 BC Egypt
73%
57 Muhammad Ali Boxer 1942-2016 United States
73%
696 Donald Trump Politician 1946- United States
71%
70 Mahatma Gandhi Social Activist 1869-1948 India
71%
49 Vladimir Lenin Politician 1870-1924 Russia
71%
148 Abraham Lincoln Politician 1809-1865 United States
70%
65 Vladimir Putin Politician 1952- Russia
70%
100 Winston Churchill Politician 1874-1965 United Kingdom
70%
680 Martin Luther King Jr. Social Activist 1929-1968 United States
69%
32 Michelangelo Painter 1475-1564 Italy
68%
241 Ali Religious Figure 601-661 Saudi Arabia
67%
800 Hasan ibn Ali Religious Figure 624-670 Saudi Arabia
67%
411 Husayn ibn Ali Religious Figure 626-680 Saudi Arabia
67%
40 Marie Curie Physicist 1867-1934 Poland
67%
62 Pablo Picasso Painter 1881-1973 Spain
67%
47 Vincent van Gogh Painter 1853-1890 Netherlands
67%
72 Nelson Mandela Social Activist 1918-2013 South Africa
66%
60 Paul the Apostle Religious Figure 5-66 Turkey
66%
104 Benito Mussolini Politician 1883-1945 Italy
65%
36 William Shakespeare Writer 1564-1616 United Kingdom
65%
23 Confucius Philosopher 551 BC-479 BC China
64%
9 Marco Polo Explorer 1254-1324 Italy
64%
18 Moses Religious Figure 1393 BC-1273 BC Egypt
64%
41 Nikola Tesla Inventor 1856-1943 Croatia
64%
59 Charlemagne Politician 748-814 Germany
63%
198 Franklin D. Roosevelt Politician 1882-1945 United States
63%
705 Irène Joliot-Curie Chemist 1897-1956 France
63%
353 Pierre Curie Physicist 1859-1906 France
63%
27 Adam Smith Economist 1723-1790 United Kingdom
62%
38 Gautama Buddha Philosopher 566 BC-452 BC Nepal
62%
244 John F. Kennedy Politician 1917-1963 United States
62%
34 Thomas Edison Inventor 1847-1931 United States
62%
31 Karl Marx Economist 1818-1883 Germany
61%
268 Michael Jackson Musician 1958-2009 United States
61%
54 Sigmund Freud Psychologist 1856-1939 Czechia
61%
820 Theodore Roosevelt Politician 1858-1919 United States
61%
51 Thomas Jefferson Politician 1743-1826 United States
61%
128 Mao Zedong Politician 1893-1976 China
60%
33 Mary, mother of Jesus Religious Figure 18 BC-100 AD Israel
60%
747 Stephen King Writer 1947- United States
60%
657 Batu Khan Politician 1207-1255 Mongolia
59%
42 Charles Darwin Biologist 1809-1882 United Kingdom
59%
43 Che Guevara Social Activist 1928-1967 Argentina
59%
488 Eleanor Roosevelt Social Activist 1884-1962 United States
59%
558 Hulagu Khan Politician 1217-1265 Mongolia
59%
160 Neil Armstrong Astronaut 1930-2012 United States
59%
139 Pelé Soccer Player 1940-2022 Brazil
59%
233 Anne Frank Writer 1929-1945 Germany
58%
684 George H. W. Bush Politician 1924-2018 United States
58%
508 George W. Bush Politician 1946- United States
58%
26 Nicolaus Copernicus Astronomer 1473-1543 Poland
57%
52 Pope Francis Religious Figure 1936- Argentina
57%
53 Augustus Politician 63 BC-14 AD Italy
56%
28 Homer Writer 800 BC-750 BC Greece
56%
634 Louis Armstrong Musician 1901-1971 United States
56%
45 Queen Elizabeth II Nobleman 1926-2022 United Kingdom
56%
106 Tutankhamun Politician 1341 BC-1323 BC Egypt
56%
78 Saint Peter Religious Figure 1 BC-67 AD Israel
55%
22 Abraham Religious Figure 1813 BC-1638 BC Iraq
54%
277 Joe Biden Politician 1942- United States
54%
46 Vasco da Gama Explorer 1460-1524 Portugal
54%
883 Bill Clinton Politician 1946- United States
53%
81 David Politician 1010 BC-970 BC Israel
53%
941 Jacqueline Kennedy Onassis Companion 1929-1994 United States
53%
572 Jacques-Louis David Painter 1748-1825 France
53%
339 Jan Hus Social Activist 1369-1415 Czechia
53%
226 Benjamin Franklin Politician 1706-1790 United States
52%
423 Henry Ford Inventor 1863-1947 United States
52%
257 Hillary Clinton Politician 1947- United States
52%
55 Joan of Arc Military Personnel 1412-1431 France
52%
329 Aretha Franklin Singer 1942-2018 United States
51%
25 Ferdinand Magellan Explorer 1480-1521 Portugal
51%
157 Marilyn Monroe Actor 1926-1962 United States
51%
118 Mikhail Gorbachev Politician 1931-2022 Russia
51%
262 Ronald Reagan Politician 1911-2004 United States
51%
115 Leo Tolstoy Writer 1828-1910 Russia
49%
29 Pythagoras Philosopher 570 BC-495 BC Greece
49%
212 Saint Joseph Religious Figure 100 BC-20 AD Israel
49%
247 Elvis Presley Singer 1935-1977 United States
48%
563 Richard Nixon Politician 1913-1994 United States
48%
203 Saddam Hussein Politician 1937-2006 Iraq
48%
93 Jimmy Carter Politician 1924- United States
47%
188 Nero Politician 37-68 Italy
47%
219 Fidel Castro Politician 1926-2016 Cuba
46%
68 Raphael Painter 1483-1520 Italy
46%
76 Rembrandt Painter 1606-1669 Netherlands
46%
24 Archimedes Mathematician 287 BC-212 BC Italy
45%
131 Salvador Dalí Painter 1904-1989 Spain
45%
797 Dwight D. Eisenhower Politician 1890-1969 United States
44%
245 Margaret Thatcher Politician 1925-2013 United Kingdom
44%
251 Bruce Lee Actor 1940-1973 United States
43%
102 Charlie Chaplin Actor 1889-1977 United Kingdom
43%
132 Claude Monet Painter 1840-1926 France
43%
109 Frida Kahlo Painter 1907-1954 Mexico
43%
699 Jackie Chan Actor 1954- Hong Kong
43%
419 James, son of Zebedee Religious Figure 1-44 Israel
43%
61 Johannes Gutenberg Inventor 1394-1468 Germany
43%
468 John Lennon Musician 1940-1980 United Kingdom
43%
754 Mark the Evangelist Religious Figure 10-68 Libya
43%
144 Pope John Paul II Religious Figure 1920-2005 Poland
43%
126 Yuri Gagarin Astronaut 1934-1968 Russia
43%
170 Bob Marley Musician 1945-1981 Jamaica
42%
921 Vivien Leigh Actor 1913-1967 India
42%
250 Alessandro Volta Physicist 1745-1827 Italy
41%
523 Harry S. Truman Politician 1884-1972 United States
41%
347 Kim Il-sung Politician 1912-1994 North Korea
41%
499 Kim Jong-il Politician 1941-2011 Russia
41%
111 Stephen Hawking Physicist 1942-2018 United Kingdom
41%
201 Angela Merkel Politician 1954- Germany
40%
278 Charles Dickens Writer 1812-1870 United Kingdom
40%
69 Fyodor Dostoevsky Writer 1821-1881 Russia
40%
110 Otto von Bismarck Politician 1815-1898 Germany
40%
210 Steven Spielberg Film Director 1946- United States
40%
75 Antonio Vivaldi Composer 1678-1741 Italy
39%
64 Frédéric Chopin Composer 1810-1849 Poland
39%
82 Friedrich Nietzsche Philosopher 1844-1900 Germany
39%
152 Marie Antoinette Nobleman 1755-1793 Austria
39%
63 Mustafa Kemal Atatürk Politician 1881-1938 Greece
39%
224 Charles de Gaulle Military Personnel 1890-1970 France
38%
231 Gregor Mendel Biologist 1822-1884 Czechia
38%
108 Hannibal Politician 247 BC-183 BC Tunisia
38%
280 Hirohito Politician 1901-1989 Japan
38%
39 Immanuel Kant Philosopher 1724-1804 Russia
38%
500 Job Religious Figure 2300 BC-1945 BC Land of Uz
38%
35 René Descartes Philosopher 1596-1650 France
38%
196 Saint George Religious Figure 280-303 Turkey
38%
442 Elon Musk Inventor 1971- South Africa
37%
389 Herod the Great Politician 73 BC-3 BC Israel
37%
437 Judas Iscariot Religious Figure 1st c. BC-31 AD Israel
37%
382 Mother Teresa Social Activist 1910-1997 North Macedonia
37%
71 Solomon Religious Figure 1011 BC-931 BC Israel
37%
92 Voltaire Writer 1694-1778 France
37%
255 Alexander Graham Bell Inventor 1847-1922 United Kingdom
36%
440 Bill Gates Businessperson 1955- United States
36%
476 Mark Antony Politician 83 BC-30 BC Italy
36%
187 Ulysses S. Grant Politician 1822-1885 United States
36%
275 Grigori Rasputin Occultist 1869-1916 Russia
35%
287 James Cook Explorer 1728-1779 United Kingdom
35%
91 Alfred Nobel Chemist 1833-1896 Sweden
34%
376 Mark Twain Writer 1835-1910 United States
34%
402 Niels Bohr Physicist 1885-1962 Denmark
34%
125 Saint Nicholas Religious Figure 270-342 Turkey
34%
296 Coco Chanel Fashion Designer 1883-1971 France
33%
99 Freddie Mercury Musician 1946-1991 Tanzania
33%
273 Ivan the Terrible Politician 1530-1584 Russia
33%
762 Osama bin Laden Extremist 1957-2011 Saudi Arabia
33%
239 Pyotr Ilyich Tchaikovsky Composer 1840-1893 Russia
33%
627 Thomas the Apostle Religious Figure 1-72 Israel
33%
373 Donatello Painter 1386-1466 Italy
32%
291 Francisco Franco Politician 1892-1975 Spain
32%
84 Hans Christian Andersen Writer 1805-1875 Denmark
32%
309 Heinrich Himmler Politician 1900-1945 Germany
32%
577 Joseph Goebbels Politician 1897-1945 Germany
32%
90 Louis Pasteur Chemist 1822-1895 France
32%
77 Niccolò Machiavelli Philosopher 1469-1527 Italy
32%
807 Philip the Apostle Religious Figure 5-80 Israel
32%
145 Richard Wagner Composer 1813-1883 Germany
32%
135 Steve Jobs Designer 1955-2011 United States
32%
860 Woodrow Wilson Politician 1856-1924 United States
32%
270 Ernest Hemingway Writer 1899-1961 United States
31%
252 Friedrich Engels Philosopher 1820-1895 Germany
31%
202 Malcolm X Social Activist 1925-1965 United States
31%
302 Matthew the Apostle Religious Figure 10-74 Israel
31%
190 Vlad the Impaler Inspiration 1431-1476 Romania
31%
306 Anne Boleyn Companion 1501-1536 United Kingdom
30%
763 Diego Maradona Soccer Player 1960-2020 Argentina
30%
586 Luke the Evangelist Religious Figure 31-84 Turkey
30%
588 Oliver Cromwell Politician 1599-1658 United Kingdom
30%
169 Amerigo Vespucci Explorer 1454-1512 Italy
29%
594 Benedict of Nursia Religious Figure 480-543 Italy
29%
206 Boris Yeltsin Politician 1931-2007 Russia
29%
58 Herodotus Historian 484 BC-425 BC Turkey
29%
357 Jane Austen Writer 1775-1817 United Kingdom
29%
66 Johann Wolfgang von Goethe Writer 1749-1832 Germany
29%
74 John Locke Philosopher 1632-1704 United Kingdom
29%
195 Leon Trotsky Politician 1879-1940 Ukraine
29%
213 Nikita Khrushchev Politician 1894-1971 Russia
29%
130 Queen Victoria Politician 1819-1901 United Kingdom
29%
269 Alfred Hitchcock Film Director 1899-1980 United Kingdom
28%
246 Caligula Politician 12-41 Italy
28%
101 Constantine the Great Politician 272-337 Serbia
28%
417 Édouard Manet Painter 1832-1883 France
28%
618 Ivar the Boneless Politician Unknown-873 AD Denmark
28%
261 Muammar Gaddafi Politician 1942-2011 Libya
28%
424 Sun Tzu Philosopher 544 BC-496 BC China
28%
120 Victor Hugo Writer 1802-1885 France
28%
229 Catherine the Great Nobleman 1729-1796 Poland
27%
103 Edgar Allen Poe Writer 1809-1849 United States
27%
107 Giuseppe Verdi Composer 1813-1901 Italy
27%
79 Hippocrates Physician 460 BC-370 BC Greece
27%
194 Isaac Religious Figure 1900 BC-1533 BC Israel
27%
112 James Watt Inventor 1736-1819 United Kingdom
27%
50 Jean-Jacques Rousseau Philosopher 1712-1778 Switzerland
27%
80 J.R.R. Tolkien Writer 1892-1973 South Africa
27%
215 Marcus Aurelius Politician 121-180 Italy
27%
449 Robert De Niro Actor 1943- United States
27%
209 Alan Turing Computer Scientist 1912-1954 United Kingdom
26%
230 Euclid Mathematician 350 BC-240 BC Egypt
26%
522 Francis Drake Explorer 1540-1596 United Kingdom
26%
116 Franz Kafka Writer 1883-1924 Austria
26%
140 Jacob Religious Figure 1653 BC-1506 BC Canaan
26%
607 Maximilien Robespierre Politician 1758-1794 France
26%
492 Al Capone Mafioso 1899-1947 United States
25%
320 Hernán Cortés Explorer 1485-1547 Spain
25%
564 Marlon Brando Actor 1924-2004 United States
25%
861 Robin Williams Comedian 1951-2014 United States
25%
832 Saint Anne Religious Figure bf. 49 BC- aft. 4 AD Israel
25%
591 Simón Bolívar Politician 1783-1830 Venezuela
25%
342 Al Pacino Actor 1940- United States
24%
516 Archduke Franz Ferdinand of Austria Nobleman 1863-1914 Austria
24%
121 Attila Politician 406-453 Caucasus
24%
114 Cicero Politician 106 BC-43 BC Italy
24%
138 Dmitri Mendeleev Chemist 1834-1907 Russia
24%
292 Johannes Brahms Composer 1833-1897 Germany
24%
774 John D. Rockefeller Businessperson 1839-1937 United States
24%
368 Laozi Philosopher Around the 6th Century China
24%
643 Pol Pot Politician 1925-1998 Cambodia
24%
545 Sun Yat-sen Politician 1866-1925 China
24%
176 Edvard Munch Painter 1863-1944 Norway
23%
174 George Frideric Handel Composer 1685-1759 Germany
23%
385 Hadrian Politician 76-138 Spain
23%
97 Johannes Kepler Astronomer 1571-1630 Germany
23%
225 Josip Broz Tito Politician 1892-1980 Croatia
23%
332 Oscar Wilde Writer 1854-1900 Ireland
23%
304 Pablo Escobar Mafioso 1949-1993 Colombia
23%
307 Walt Disney Producer 1901-1966 United States
23%
117 Zoroaster Religious Figure Around 1500 BC-500 BC Iran
23%
301 Alexander Fleming Biologist 1881-1955 United Kingdom
22%
214 Andrew the Apostle Religious Figure 6 BC-70 AD Israel
22%
359 Carl Jung Psychologist 1875-1961 Switzerland
22%
44 Dante Alighieri Writer 1265-1321 Italy
22%
366 Erwin Rommel Military Personnel 1891-1944 Germany
22%
962 Frank Sinatra Singer 1915-1998 United States
22%
298 Franz Liszt Musician 1811-1886 Austria
22%
334 George Orwell Writer 1903-1950 India
22%
312 Leonid Brezhnev Politician 1906-1982 Ukraine
22%
510 Andy Warhol Artist 1928-1987 United States
21%
509 Arnold Schwarzenegger Actor 1947- Austria
21%
448 Audrey Hepburn Actor 1929-1993 Belgium
21%
88 Francis Bacon Philosopher 1561-1626 United Kingdom
21%
391 Hermann Göring Politician 1893-1946 Germany
21%
837 James Dean Actor 1931-1955 United States
21%
935 Johann Strauss I Composer 1804-1849 Austria
21%
768 Johann Strauss II Composer 1825-1899 Austria
21%
235 John Calvin Religious Figure 1509-1564 France
21%
137 Joseph Haydn Composer 1732-1809 Austria
21%
30 Louis XIV of France Politician 1638-1715 France
21%
175 Miguel de Cervantes Writer 1547-1616 Spain
21%
141 Nefertiti Companion 1400 BC-1330 BC Egypt
21%
911 Richard Strauss Composer 1864-1949 Germany
21%
456 Saul Religious Figure 1079 BC-1010 BC Israel
21%
73 Suleiman the Magnificent Politician 1494-1566 Turkey
21%
217 Albert Camus Writer 1913-1960 Algeria
20%
192 Antoni Gaudí Architect 1852-1926 Spain
20%
541 Francisco Pizarro Explorer 1478-1541 Spain
20%
113 Hammurabi Politician 1810 BC-1750 BC Iraq
20%
122 Henry VIII of England Nobleman 1491-1547 United Kingdom
20%
180 Leonhard Euler Mathematician 1707-1783 Switzerland
20%
330 Martin Scorsese Film Director 1942- United States
20%
197 Peter the Great Politician 1672-1725 Russia
20%
87 Saladin Politician 1138-1193 Iraq
20%
308 Alexandre Dumas Writer 1802-1870 France
19%
67 Blaise Pascal Mathematician 1623-1662 France
19%
89 Elizabeth I of England Politician 1533-1603 United Kingdom
19%
191 Francisco Goya Painter 1746-1828 Spain
19%
603 James Joyce Writer 1882-1941 Ireland
19%
181 Jean-Paul Sartre Writer 1905-1980 France
19%
146 Johannes Vermeer Painter 1632-1675 Netherlands
19%
127 Virgil Writer 70 BC- 19 BC Italy
19%
533 William the Conqueror Nobleman 1028-1087 France
19%
94 Augustine of Hippo Philosopher 354-430 Algeria
18%
466 Claudius Politician 10 BC-54 AD France
18%
129 Franz Schubert Composer 1797-1828 Austria
18%
923 Jeff Bezos Businessperson 1964- United States
18%
751 Jonathan Swift Writer 1667-1745 Ireland
18%
697 Leonidas I Politician 540 BC-480 BC Greece
18%
451 Lorenzo de' Medici Politician 1449-1492 Italy
18%
358 Pontius Pilate Politician 12 BC-38 AD Italy
18%
105 Sophocles Writer 497 BC-406 BC Greece
18%
162 Thomas Hobbes Philosopher 1588-1679 United Kingdom
18%
407 Thomas More Philosopher 1478-1535 United Kingdom
18%
204 Agatha Christie Writer 1890-1976 United Kingdom
17%
888 Antoninus Pius Politician 86-161 Italy
17%
891 Bob Dylan Musician 1941- United States
17%
771 Brutus the Younger Politician 85 BC-42 BC Italy
17%
489 Catherine de' Medici Companion 1519-1589 Italy
17%
412 Cyrus the Great Politician 600 BC-530 BC Iran
17%
453 F. Scott Fitzgerald Writer 1896-1940 United States
17%
124 Georg Wilhelm Friedrich Hegel Philosopher 1770-1831 Germany
17%
567 Guglielmo Marconi Inventor 1874-1937 Italy
17%
931 Jimi Hendrix Musician 1942-1970 United States
17%
633 John Stuart Mill Economist 1806-1873 United Kingdom
17%
159 Justinian I Politician 482-565 North Macedonia
17%
580 King Charles III Nobleman 1948- United Kingdom
17%
199 Nostradamus Occultist 1503-1566 France
17%
136 Ptolemy Astronomer 100-170 Egypt
17%
733 Ruhollah Khomeini Religious Figure 1902-1989 Iran
17%
205 Sandro Botticelli Painter 1445-1510 Italy
17%
98 Thomas Aquinas Philosopher 1225-1274 Italy
17%
404 Tiberius Politician 42 BC-37 AD Italy
17%
897 Chiang Kai-shek Military Personnel 1887-1975 China
16%
798 Enrico Fermi Physicist 1901-1954 Italy
16%
240 Henry Kissinger Politician 1923-2023 Germany
16%
778 Ho Chi Minh Politician 1890-1969 Vietnam
16%
253 James K. Polk Politician 1795-1849 United States
16%
703 Jawaharlal Nehru Politician 1889-1964 India
16%
327 John Maynard Keynes Economist 1883-1946 United Kingdom
16%
153 Louis XVI of France Politician 1754-1793 France
16%
186 Maria Theresa Politician 1717-1780 Austria
16%
479 Mary Magdalene Religious Figure 10 BC-100 AD Israel
16%
906 Neville Chamberlain Politician 1869-1940 United Kingdom
16%
554 Stanley Kubrick Film Director 1928-1999 United States
16%
86 Timur Military Personnel 1336-1405 Uzbekistan
16%
184 Caravaggio Painter 1571-1610 Italy
15%
583 Claude Debussy Composer 1862-1918 France
15%
573 Clint Eastwood Actor 1930- United States
15%
629 Daniel Religious Figure 690 BC-600 BC Israel
15%
271 Darius the Great Politician 550 BC-486 BC Georgia
15%
395 Ernest Rutherford Physicist 1871-1937 New Zealand
15%
905 Jack Nicholson Actor 1937- United States
15%
918 J. M. W. Turner Painter 1775-1851 United Kingdom
15%
729 Morgan Freeman Actor 1937- United States
15%
189 Ovid Writer 43 BC-17 AD Italy
15%
151 Peter Paul Rubens Painter 1577-1640 Germany
15%
149 Qin Shi Huang Politician 258 BC-210 BC China
15%
380 Saint Stephen Religious Figure 1-36 Israel
15%
940 Tina Turner Singer 1939-2023 United States
15%
282 Trajan Politician 53-117 Spain
15%
638 William I, German Emperor Politician 1797-1888 Germany
15%
193 Aaron Religious Figure 1396 BC-1274 BC Jordan
14%
552 Augusto Pinochet Politician 1915-2006 Chile
14%
83 Carl Friedrich Gauss Mathematician 1777-1855 Germany
14%
95 Carl Linnaeus Biologist 1707-1778 Sweden
14%
314 Édith Piaf Singer 1915-1963 France
14%
562 Eva Braun Companion 1912-1945 Germany
14%
283 Florence Nightingale Physician 1820-1910 Italy
14%
487 Gabriel García Márquez Writer 1927-2014 Colombia
14%
317 Giacomo Puccini Composer 1858-1924 Italy
14%
435 Joshua Religious Figure 1355 BC-1245 BC Egypt
14%
168 Jules Verne Writer 1828-1905 France
14%
311 Paul Gauguin Painter 1848-1903 France
14%
809 Pierre-Auguste Renoir Painter 1841-1919 France
14%
266 Roald Amundsen Explorer 1872-1928 Norway
14%
758 Rudolf Hess Politician 1894-1987 Egypt
14%
556 Thomas Mann Writer 1875-1955 Germany
14%
688 William Wallace Military Personnel 1270-1305 United Kingdom
14%
886 Woody Allen Film Director 1935- United States
14%
150 Aesop Writer 620 BC-564 BC Bulgaria
13%
370 David Hume Philosopher 1711-1776 United Kingdom
13%
513 Deng Xiaoping Politician 1904-1997 China
13%
265 Diego Velázquez Painter 1599-1660 Spain
13%
557 Edgar Degas Painter 1834-1917 France
13%
441 El Greco Painter 1541-1614 Greece
13%
234 Elijah Religious Figure 1000 BC-900 BC Israel
13%
475 Felix Mendelssohn Composer 1809-1847 Germany
13%
374 Gustav Klimt Painter 1862-1918 Austria
13%
300 Henri Matisse Painter 1869-1954 France
13%
459 Igor Stravinsky Composer 1882-1971 Russia
13%
682 James Stewart Actor 1908-1997 United States
13%
355 Lord Byron Writer 1788-1824 United Kingdom
13%
315 Max Planck Physicist 1858-1947 Germany
13%
183 Michael Faraday Physicist 1791-1867 United Kingdom
13%
182 Pericles Politician 494 BC-429 BC Greece
13%
363 Pocahontas Diplomat 1595-1617 United States
13%
428 Pope John Paul I Religious Figure 1912-1978 Italy
13%
958 Ridley Scott Film Director 1937- United Kingdom
13%
421 Samuel Religious Figure 1070 BC-1012 BC Israel
13%
783 Virginia Woolf Writer 1882-1941 United Kingdom
13%
827 Warren Buffett Businessperson 1930- United States
13%
337 Alexander Pushkin Writer 1799-1837 Russia
12%
310 Antoine Lavoisier Chemist 1743-1794 France
12%
517 Bartholomew the Apostle Religious Figure 1st c. BC-69 AD Bartholomew the Apostle
12%
318 Giuseppe Garibaldi Politician 1807-1882 France
12%
177 Grace Kelly Actor 1929-1982 United States
12%
858 James VI and I Politician 1566-1625 United Kingdom
12%
465 Janis Joplin Singer 1943-1970 United States
12%
597 Johan Cruyff Soccer Player 1947-2016 Netherlands
12%
802 John von Neumann Mathematician 1903-1957 Hungary
12%
561 Karl Benz Inventor 1844-1929 Germany
12%
593 Lech Wałęsa Politician 1943- Poland
12%
223 Martin Van Buren Politician 1782-1862 United States
12%
119 Max Weber Sociologist 1864-1920 Germany
12%
765 Mehmed VI Politician 1861-1926 Turkey
12%
200 Molière Writer 1622-1673 France
12%
482 Narendra Modi Politician 1950- India
12%
154 Ramesses II Nobleman 1303 BC-1213 BC Israel
12%
806 Recep Tayyip Erdoğan Politician 1954- Turkey
12%
852 Saint Lawrence Religious Figure 225-258 Spain
12%
381 Simone de Beauvoir Writer 1908-1986 France
12%
161 Sylvester Stallone Actor 1946- United States
12%
841 Terence Hill Actor 1939- Italy
12%
324 Wilhelm II, German Emperor Politician 1859-1941 Germany
12%
614 Alfred the Great Politician 849-899 United Kingdom
11%
447 Arthur Conan Doyle Writer 1859-1930 United Kingdom
11%
167 Arthur Schopenhauer Philosopher 1788-1860 Poland
11%
443 Auguste Rodin Sculptor 1840-1917 France
11%
56 Avicenna Philosopher 980-1037 Uzbekistan
11%
711 Charles Lindbergh Pilot 1902-1974 United States
11%
596 Charles Manson Extremist 1934-2017 United States
11%
158 Charles V, Holy Roman Emperor Politician 1500-1558 Belgium
11%
414 Cher Singer 1946- United States
11%
133 Commodus Politician 161-192 Italy
11%
336 Diogenes Philosopher 404 BC-322 BC Turkey
11%
748 George VI Politician 1895-1952 United Kingdom
11%
143 Gottfried Wilhelm Leibniz Mathematician 1646-1716 Germany
11%
526 Henry V of England Politician 1386-1422 United Kingdom
11%
461 Hieronymus Bosch Painter 1450-1516 Netherlands
11%
399 Ivan Pavlov Biologist 1849-1936 Russia
11%
207 Jack the Ripper Extremist 1850-Unknown Unknown
11%
379 Jonah Religious Figure 850 BC-810 BC Israel
11%
826 Konrad Adenauer Politician 1876-1967 Germany
11%
599 Luciano Pavarotti Singer 1935-2007 Italy
11%
134 Montesquieu Philosopher 1689-1755 France
11%
294 Prince Philip, Duke of Edinburgh Nobleman 1921-2021 Greece
11%
163 Richard III of England Politician 1452-1485 United Kingdom
11%
350 Robert Schumann Composer 1810-1856 Germany
11%
491 Sean Connery Actor 1930-2020 United Kingdom
11%
957 Silvio Berlusconi Politician 1936-2023 Italy
11%
371 Søren Kierkegaard Philosopher 1813-1855 Denmark
11%
351 Spartacus Military Personnel 109 BC-71 BC Greece
11%
708 Toni Morrison Writer 1931-2019 United States
11%
575 Werner Heisenberg Physicist 1901-1976 Germany
11%
772 Xi Jinping Politician 1953- China
11%
394 Yasser Arafat Politician 1929-2004 Egypt
11%
156 Albrecht Dürer Painter 1471-1528 Germany
10%
727 Al Gore Politician 1948- United States
10%
467 Anthony Hopkins Actor 1937- United Kingdom
10%
434 Antonín Dvořák Composer 1841-1904 Czechia
10%
801 Anwar Sadat Politician 1918-1981 Egypt
10%
983 Cato the Elder Writer 243 BC-149 BC Italy
10%
463 Edvard Grieg Composer 1843-1907 Norway
10%
457 Émile Zola Writer 1840-1902 France
10%
228 Erasmus Philosopher 1466-1536 Netherlands
10%
878 Franz Beckenbauer Soccer Player 1945- Germany
10%
902 George Sand Writer 1804-1876 France
10%
450 Gioachino Rossini Composer 1792-1868 Italy
10%
568 Ingmar Bergman Film Director 1918-2007 Sweden
10%
769 Isaiah Religious Figure 800 BC-700 BC Israel
10%
316 Louis XV of France Politician 1710-1774 France
10%
299 Paul Cézanne Painter 1839-1906 France
10%
610 Paul von Hindenburg Politician 1847-1934 Poland
10%
323 Samson Religious Figure 1118 BC-1078 BC Israel
10%
781 Sergei Rachmaninoff Composer 1873-1943 Russia
10%
346 Titian Painter 1488-1576 Italy
10%
712 Titus Politician 41-81 Italy
10%
232 Wilhelm Röntgen Physicist 1845-1923 Germany
10%
474 Adolf Eichmann Military Personnel 1906-1962 Germany
9%
529 Akira Kurosawa Film Director 1910-1998 Japan
9%
362 Aristophanes Writer 448 BC-386 BC Greece
9%
293 Baruch Spinoza Philosopher 1632-1677 Netherlands
9%
796 David Ben-Gurion Politician 1886-1973 Poland
9%
469 Edward Jenner Physician 1749-1823 United Kingdom
9%
365 Euripides Writer 480 BC-406 BC Greece
9%
538 Federico Fellini Film Director 1920-1993 Italy
9%
164 Francis of Assisi Religious Figure 1182-1226 Italy
9%
812 Gamal Abdel Nasser Politician 1918-1970 Egypt
9%
805 Gerd Müller Soccer Player 1945-2021 Germany
9%
248 Giovanni Boccaccio Writer 1313-1375 Italy
9%
349 Gustav Mahler Composer 1860-1911 Czechia
9%
738 Helen Keller Social Activist 1880-1968 United States
9%
862 Helmut Kohl Politician 1930-2017 Germany
9%
578 Henrik Ibsen Writer 1828-1906 Norway
9%
732 Henry VII of England Politician 1457-1509 United Kingdom
9%
263 Honoré de Balzac Writer 1799-1850 France
9%
536 John Wilkes Booth Extremist 1838-1865 United States
9%
846 Karl Lagerfeld Fashion Designer 1933-2019 Germany
9%
885 Leopold I, Holy Roman Emperor Politician 1640-1705 Austria
9%
398 Louis XIII of France Politician 1601-1643 France
9%
338 Marcel Proust Writer 1871-1922 France
9%
788 Napoleon II Politician 1811-1832 France
9%
238 Nicholas II of Russia Politician 1868-1918 Russia
9%
731 Nikolai Gogol Writer 1809-1852 Ukraine
9%
147 Osman I Politician 1254-1327 Turkey
9%
818 Pliny the Elder Philosopher 23-79 Italy
9%
674 Pope Urban II Religious Figure 1042-1099 France
9%
274 Richard I of England Politician 1157-1199 United Kingdom
9%
406 Sappho Writer 630 BC-570 BC Greece
9%
216 Seneca the Younger Philosopher 4 BC-65 AD Spain
9%
519 Sophia Loren Actor 1934- Italy
9%
218 Antoine de Saint-Exupéry Writer 1900-1944 France
8%
485 Bertrand Russell Mathematician 1872-1970 United Kingdom
8%
483 Brigitte Bardot Actor 1934- France
8%
592 Cardinal Richelieu Politician 1585-1642 France
8%
165 Democritus Philosopher 460 BC-360 BC Greece
8%
408 Diocletian Politician 244-311 Croatia
8%
179 Epicurus Philosopher 341 BC-269 BC Greece
8%
982 Eusébio Soccer Player 1942-2014 Mozambique
8%
749 Ezekiel Religious Figure 621 BC-569 BC Israel
8%
651 Ferenc Puskás Soccer Player 1927-2006 Hungary
8%
543 Fibonacci Mathematician 1170-1240 Italy
8%
264 Frederick the Great Politician 1712-1786 Germany
8%
352 Friedrich Schiller Writer 1759-1805 Germany
8%
713 Gavrilo Princip Extremist 1894-1918 Bosnia and Herzegovina
8%
547 Georg Ohm Physicist 1789-1854 Germany
8%
986 Grand Duchess Anastasia Nikolaevna of Russia Nobleman 1901-1918 Russia
8%
555 Gustave Flaubert Writer 1821-1880 France
8%
343 Hermann Hesse Writer 1877-1962 Germany
8%
560 Imhotep Architect 2800 BC-2700 BC Egypt
8%
587 Jan van Eyck Painter 1395-1441 Belgium
8%
737 Joan Miró Painter 1893-1983 Spain
8%
436 Josef Mengele Physician 1911-1979 Germany
8%
823 Jude the Apostle Religious Figure 15-70 Israel
8%
819 Lewis Carroll Writer 1832-1898 United Kingdom
8%
969 Margaret the Virgin Religious Figure 292-307 Turkey
8%
331 Mary, Queen of Scots Politician 1542-1587 United Kingdom
8%
836 Mata Hari Dancer 1876-1917 Netherlands
8%
810 Maurice Ravel Composer 1875-1937 France
8%
276 Napoleon III Politician 1808-1873 France
8%
286 Niccolò Paganini Musician 1782-1840 Italy
8%
284 Nicolae Ceaușescu Politician 1918-1989 Romania
8%
497 Tycho Brahe Astronomer 1546-1601 Sweden
8%
418 Wassily Kandinsky Painter 1866-1944 Russia
8%
767 Yuri Andropov Politician 1914-1984 Russia
8%
553 Anders Celsius Astronomer 1701-1744 Sweden
7%
392 André-Marie Ampère Physicist 1775-1836 France
7%
211 Anton Chekhov Writer 1860-1904 Russia
7%
503 Antonie van Leeuwenhoek Biologist 1632-1723 Netherlands
7%
222 Bartolomeu Dias Explorer 1450-1500 Portugal
7%
525 Daniel Defoe Writer 1660-1731 United Kingdom
7%
909 David Livingstone Explorer 1813-1873 United Kingdom
7%
348 Denis Diderot Writer 1713-1784 France
7%
605 Erwin Schrödinger Physicist 1887-1961 Austria
7%
388 Eugène Delacroix Painter 1798-1863 France
7%
585 Ferdinand I, Holy Roman Emperor Politician 1503-1564 Spain
7%
313 Galen Physician 129-215 Turkey
7%
565 Georges Bizet Composer 1838-1875 France
7%
142 Giordano Bruno Astronomer 1548-1600 Italy
7%
429 Howard Hughes Businessperson 1905-1976 United States
7%
285 Ibn Battuta Explorer 1304-1368 Morocco
7%
478 James Clerk Maxwell Physicist 1831-1879 United Kingdom
7%
615 Louis IX of France Politician 1214-1270 France
7%
687 Marcus Licinius Crassus Politician 115 BC-53 BC Italy
7%
326 Martin Heidegger Philosopher 1889-1976 Germany
7%
256 Mary I of England Politician 1516-1558 United Kingdom
7%
714 Michael Collins Astronaut 1930-2021 Italy
7%
792 Noam Chomsky Linguist 1928- United States
7%
685 Pablo Neruda Writer 1904-1973 Chile
7%
637 Richard Burton Actor 1925-1984 United Kingdom
7%
249 Rumi Writer 1207-1273 Afghanistan
7%
569 Vespasian Politician 9-79 Italy
7%
531 Wallis Simpson Celebrity 1896-1986 United States
7%
502 Zeno of Elea Philosopher 490 BC-425 BC Italy
7%
321 Aeschylus Writer 525 BC-456 BC Greece
6%
243 Alain Delon Actor 1935- France
6%
716 Antonio Salieri Composer 1750-1825 Italy
6%
279 Ashoka Politician 304 BC-232 BC India
6%
649 Ayn Rand Writer 1905-1982 Russia
6%
744 Bud Spencer Actor 1929-2016 Italy
6%
900 Caspar David Friedrich Painter 1774-1840 Germany
6%
725 Charles Babbage Inventor 1791-1871 United Kingdom
6%
617 Charles VI, Holy Roman Emperor Politician 1685-1740 Austria
6%
741 Dmitri Shostakovich Composer 1906-1975 Russia
6%
954 Edward III of England Politician 1312-1377 United Kingdom
6%
966 Edward II of England Politician 1284-1327 United Kingdom
6%
853 George Bernard Shaw Writer 1856-1950 Ireland
6%
856 Georgy Zhukov Politician 1896-1974 Russia
6%
722 Giotto Painter 1267-1337 Italy
6%
953 Henri de Toulouse-Lautrec Painter 1864-1901 France
6%
267 Heraclitus Philosopher 535 BC-470 BC Turkey
6%
715 Herbert Spencer Philosopher 1820-1903 United Kingdom
6%
1000 Jean-Paul Marat Social Activist 1743-1793 Switzerland
6%
367 John Dalton Chemist 1766-1844 United Kingdom
6%
869 Kofi Annan Diplomat 1938-2018 Ghana
6%
260 Le Corbusier Architect 1887-1965 Switzerland
6%
828 Leopold II, Holy Roman Emperor Politician 1747-1792 Austria
6%
789 Lev Yashin Soccer Player 1929-1990 Russia
6%
892 Louis XVII of France Politician 1785-1795 France
6%
933 Lucrezia Borgia Nobleman 1480-1519 Italy
6%
473 Ludwig Wittgenstein Philosopher 1889-1951 Austria
6%
656 Marc Chagall Painter 1887-1985 Belarus
6%
236 Mehmed the Conqueror Politician 1432-1481 Turkey
6%
528 Michel Foucault Philosopher 1926-1984 France
6%
679 Nicholas I of Russia Politician 1796-1855 Russia
6%
717 Paulo Coelho Writer 1947- Brazil
6%
427 Piet Mondrian Painter 1872-1944 Netherlands
6%
432 Plutarch Philosopher 46-127 Greece
6%
397 Pope Benedict XVI Religious Figure 1927-2022 Germany
6%
901 Pope Innocent III Religious Figure 1160-1216 Italy
6%
838 Pope Paul III Religious Figure 1468-1549 Italy
6%
794 Pope Pius X Religious Figure 1835-1914 Italy
6%
785 René Magritte Painter 1898-1967 Belgium
6%
700 Robert Boyle Chemist 1627-1691 Ireland
6%
377 Rosa Luxemburg Social Activist 1871-1919 Poland
6%
709 Salvador Allende Politician 1908-1973 Chile
6%
925 Sergei Prokofiev Composer 1891-1953 Ukraine
6%
551 Umberto Eco Writer 1932-2016 Italy
6%
464 Xerxes I Politician 519 BC-475 BC Iran
6%
290 Abu Bakr Religious Figure 573-634 Saudi Arabia
5%
173 Akhenaten Politician 1400 BC-1336 BC Egypt
5%
840 Alex Ferguson Coach 1941- United Kingdom
5%
985 Anatole France Writer 1844-1924 France
5%
663 Astrid Lindgren Writer 1907-2002 Sweden
5%
540 Bertolt Brecht Writer 1898-1956 Germany
5%
425 Catherine of Aragon Companion 1485-1536 Spain
5%
721 Edward IV of England Politician 1442-1483 France
5%
814 Edward VI of England Politician 1537-1553 United Kingdom
5%
876 Elisha Religious Figure 900 BC-790 BC Israel
5%
701 Empress Joséphine Companion 1763-1814 Martinique
5%
879 Francis I, Holy Roman Emperor Politician 1708-1765 France
5%
356 Frederick I, Holy Roman Emperor Politician 1122-1190 France
5%
669 Frederick II, Holy Roman Emperor Politician 1194-1250 Italy
5%
964 Georges Danton Politician 1759-1794 France
5%
609 Gustave Eiffel Engineer 1832-1923 France
5%
403 Hatshepsut Politician 1507 BC-1458 BC Egypt
5%
636 Hayao Miyazaki Film Director 1941- Japan
5%
780 Hosni Mubarak Politician 1928-2020 Egypt
5%
576 Jack London Writer 1876-1916 United States
5%
390 James Prescott Joule Physicist 1818-1889 United Kingdom
5%
584 John Major Politician 1943- United Kingdom
5%
691 Joseph II, Holy Roman Emperor Politician 1741-1790 Austria
5%
524 Marlene Dietrich Actor 1901-1992 Germany
5%
681 Marquis de Sade Writer 1740-1814 France
5%
787 Maxim Gorky Writer 1868-1936 Russia
5%
624 Mehmed I Politician 1386-1421 Turkey
5%
831 Olof Palme Politician 1927-1986 Sweden
5%
548 Oskar Schindler Businessperson 1908-1974 Czechia
5%
227 Petrarch Writer 1304-1374 Italy
5%
295 Philip II of Spain Politician 1527-1598 Spain
5%
937 Philippe Pétain Politician 1856-1951 France
5%
821 Pope Benedict XV Religious Figure 1854-1922 Italy
5%
498 Pope Gregory I Religious Figure 540-604 Italy
5%
734 Pope Leo X Religious Figure 1475-1521 Italy
5%
702 Pope Pius IX Religious Figure 1792-1878 Italy
5%
630 Pope Pius XI Religious Figure 1857-1939 Italy
5%
507 Pope Pius XII Religious Figure 1876-1958 Italy
5%
692 Robert Frost Writer 1874-1963 United States
5%
344 Robert Hooke Physicist 1635-1703 United Kingdom
5%
920 Samuel Morse Inventor 1791-1872 United States
5%
974 Septimius Severus Politician 145-211 Libya
5%
742 Slobodan Milošević Politician 1941-2006 Serbia
5%
458 Thucydides Historian 460 BC-397 BC Greece
5%
854 Abel Tasman Explorer 1603-1659 Netherlands
4%
495 Aisha Companion 605-678 Saudi Arabia
4%
514 Akihito Nobleman 1933- Japan
4%
868 Albert, Prince Consort Nobleman 1819-1861 Germany
4%
970 Alexander II of Russia Politician 1818-1881 Russia
4%
642 Alexander I of Russia Politician 1777-1825 Russia
4%
472 Alexander von Humboldt Geographer 1769-1859 Germany
4%
653 Amedeo Modigliani Painter 1884-1920 Italy
4%
333 Anaximander Philosopher 610 BC-546 BC Turkey
4%
871 António de Oliveira Salazar Politician 1889-1970 Portugal
4%
574 Antonio Stradivari Designer 1644-1737 Italy
4%
237 Auguste Comte Philosopher 1798-1857 France
4%
254 Averroes Philosopher 1126-1198 Spain
4%
570 Basil of Caesarea Physician 329-379 Turkey
4%
515 Claudio Monteverdi Composer 1567-1643 Italy
4%
851 Emperor Meiji Politician 1852-1912 Japan
4%
849 Enver Hoxha Politician 1908-1985 Albania
4%
993 Hatice Sultan Politician 1496-1538 Turkey
4%
704 Hayreddin Barbarossa Pirate 1478-1546 Greece
4%
601 Hector Berlioz Composer 1803-1869 France
4%
847 Heinrich Hertz Physicist 1857-1894 Germany
4%
297 Horace Writer 65 BC-8 BC Italy
4%
123 Hurrem Sultan Politician 1502-1558 Ukraine
4%
303 Hypatia Mathematician 350-415 Egypt
4%
393 Isabella I of Castile Politician 1451-1504 Spain
4%
991 Joachim von Ribbentrop Politician 1893-1946 Germany
4%
686 Jorge Luis Borges Writer 1899-1986 Argentina
4%
289 Kösem Sultan Politician 1590-1651 Greece
4%
534 Li Bai Writer 701-762 Kyrgyzstan
4%
672 Livy Historian 59 BC-17 AD Italy
4%
999 Marcel Duchamp Artist 1887-1968 France
4%
671 Maria Callas Singer 1923-1977 United States
4%
415 Maria Montessori Philosopher 1870-1952 Italy
4%
506 Mihrimah Sultan Companion 1522-1578 Turkey
4%
155 Muhammad ibn Musa al-Khwarizmi Mathematician 780-850 Uzbekistan
4%
208 Nebuchadnezzar II Politician 630 BC-562 BC Iraq
4%
512 Nurbanu Sultan Companion 1525-1583 Greece
4%
438 Otto I, Holy Roman Emperor Politician 912-973 Germany
4%
375 Pieter Bruegel the Elder Painter 1525-1569 Netherlands
4%
698 Pope Gregory VII Religious Figure 1020-1085 Italy
4%
842 Pope Leo XIII Religious Figure 1810-1903 Italy
4%
728 Pope Paul VI Religious Figure 1897-1978 Italy
4%
913 Prince Henry the Navigator Explorer 1394-1460 Portugal
4%
668 Reinhard Heydrich Politician 1904-1942 Germany
4%
420 Robert Koch Physician 1843-1910 Germany
4%
997 Rudolf Diesel Inventor 1858-1913 France
4%
882 Safiye Sultan Politician 1550-1619 Albania
4%
641 Saint Valentine Religious Figure 226-273 Italy
4%
546 Şehzade Mustafa Politician 1515-1553 Turkey
4%
542 Stendhal Writer 1783-1842 France
4%
665 Tacitus Politician 54-120 France
4%
96 Thales of Miletus Philosopher 623 BC-546 BC Turkey
4%
782 Tintoretto Painter 1518-1594 Italy
4%
166 Umar Politician 585-644 Saudi Arabia
4%
992 Vyacheslav Molotov Politician 1890-1986 Russia
4%
595 Xenophon Historian 430 BC-354 BC Greece
4%
549 Abraham Maslow Psychologist 1908-1970 United States
3%
666 Akbar Politician 1542-1605 Pakistan
3%
926 Aleksandr Solzhenitsyn Writer 1918-2008 Russia
3%
757 Alexander III of Russia Politician 1845-1894 Russia
3%
655 Alfred Adler Psychologist 1870-1937 Austria
3%
965 Ariel Sharon Politician 1928-2014 Israel
3%
581 Arthur Rimbaud Writer 1854-1891 France
3%
998 Boris Pasternak Writer 1890-1960 Russia
3%
707 Caracalla Politician 188-217 France
3%
646 Catherine I of Russia Politician 1684-1727 Estonia
3%
625 Cecil Rhodes Businessperson 1853-1902 United Kingdom
3%
949 Charles Bukowski Writer 1920-1994 Germany
3%
410 Charles Martel Military Personnel 688-741 Belgium
3%
759 Christiaan Huygens Physicist 1629-1695 Netherlands
3%
775 Danny DeVito Actor 1944- United States
3%
571 David Ricardo Economist 1772-1823 United Kingdom
3%
652 Demosthenes Politician 384 BC-322 bc Greece
3%
808 Domitian Politician 51-96 Italy
3%
259 Émile Durkheim Sociologist 1858-1917 France
3%
695 Ennio Morricone Composer 1928-2020 Italy
3%
178 Eratosthenes Geographer 276 BC-194 BC Libya
3%
951 Erich Maria Remarque Writer 1898-1970 Germany
3%
172 Franz Joseph I of Austria Politician 1830-1916 Austria
3%
875 George Berkeley Philosopher 1685-1753 Ireland
3%
620 Giacomo Casanova Writer 1725-1798 Italy
3%
471 Gian Lorenzo Bernini Architect 1598-1680 Italy
3%
694 Gustave Courbet Painter 1819-1877 France
3%
537 Hannah Arendt Philosopher 1906-1975 Germany
3%
760 Heinrich Heine Writer 1797-1856 Germany
3%
604 Helena Companion 250-330 Turkey
3%
460 Hokusai Artist 1760-1849 Japan
3%
444 Ignatius of Loyola Religious Figure 1491-1556 Spain
3%
621 Isaac Asimov Writer 1920-1992 Russia
3%
766 Jacques Offenbach Composer 1819-1880 Germany
3%
833 John Dewey Psychologist 1859-1952 United States
3%
628 John Forbes Nash Jr. Mathematician 1928-2015 United States
3%
784 Josephus Historian 37-100 Israel
3%
345 Karl Dönitz Military Personnel 1891-1980 Germany
3%
527 Karl Popper Philosopher 1902-1994 Austria
3%
710 Klemens von Metternich Politician 1773-1859 Germany
3%
990 Konstantin Chernenko Politician 1911-1985 Russia
3%
598 Louis Braille Inventor 1809-1852 France
3%
386 Mary II of England Politician 1662-1694 United Kingdom
3%
364 Mehmed III Politician 1566-1603 Turkey
3%
504 Mehmed IV Politician 1642-1693 Turkey
3%
978 Mehmed V Politician 1844-1918 Turkey
3%
867 Methuselah Religious Figure 3074 BC-2105 BC Mesopotamia
3%
454 Michel de Montaigne Philosopher 1533-1592 France
3%
756 Milan Kundera Writer 1929-2023 Czechia
3%
979 Modest Mussorgsky Composer 1839-1881 Russia
3%
815 Oda Nobunaga Military Personnel 1534-1582 Japan
3%
566 Osman II Politician 1604-1622 Turkey
3%
288 Parmenides Philosopher 501 BC-470 BC Italy
3%
396 Pepin the Short Politician 715-768 Belgium
3%
521 Pierre de Fermat Mathematician 1601-1665 France
3%
623 Pope Alexander VI Religious Figure 1431-1503 Spain
3%
430 Pope John XXIII Religious Figure 1881-1963 Italy
3%
185 Ragnar Lodbrok Nobleman Unknown-865 Norway
3%
793 Robert Baden-Powell Military Personnel 1857-1941 United Kingdom
3%
409 Saint Lucy Religious Figure 283-304 Italy
3%
670 Suleiman II Politician 1642-1691 Turkey
3%
589 Thomas Robert Malthus Economist 1766-1834 United Kingdom
3%
470 14th Dalai Lama Religious Figure 1935- China
2%
220 Ahmed I Politician 1590-1617 Turkey
2%
968 Ahmed II Politician 1643-1695 Turkey
2%
981 Albert Schweitzer Physician 1875-1965 France
2%
884 Amedeo Avogadro Chemist 1776-1856 Italy
2%
929 André Gide Writer 1869-1951 France
2%
835 Ashurbanipal Politician 685 BC-627 BC Iraq
2%
606 Baba Vanga Occultist 1911-1996 North Macedonia
2%
661 Bedřich Smetana Composer 1824-1884 Czechia
2%
864 Charles-Augustin de Coulomb Physicist 1736-1806 France
2%
903 Charles VII of France Politician 1403-1461 France
2%
907 Christoph Willibald Gluck Composer 1714-1787 Germany
2%
622 Darius III Politician 380 BC-330 BC Iran
2%
752 Edmund Husserl Philosopher 1859-1938 Czechia
2%
667 Elizabeth Báthory Extremist 1560-1614 Hungary
2%
242 Empress Elisabeth of Austria Companion 1837-1898 Germany
2%
976 Epictetus Philosopher 50-135 Turkey
2%
834 Erich von Manstein Military Personnel 1887-1973 Germany
2%
486 Fatimah Companion 604-632 Saudi Arabia
2%
779 Ferdinand II of Aragon Politician 1452-1516 Spain
2%
726 Filippo Brunelleschi Architect 1377-1446 Italy
2%
971 Francis Xavier Religious Figure 1506-1552 Spain
2%
930 Gerardus Mercator Geographer 1512-1594 Belgium
2%
912 Heinz Guderian Military Personnel 1888-1954 Germany
2%
664 Henry III of France Politician 1551-1589 France
2%
865 Henry II of France Politician 1519-1559 France
2%
319 Henry IV of France Politician 1553-1610 France
2%
484 Hesiod Writer 800 BC-700 BC Turkey
2%
626 Jean-Auguste-Dominique Ingres Painter 1780-1867 France
2%
830 Jean de La Fontaine Writer 1621-1695 France
2%
354 Jean-Paul Belmondo Actor 1933-2021 France
2%
378 Jean Piaget Psychologist 1896-1980 Switzerland
2%
915 Joseph-Louis Lagrange Mathematician 1736-1813 Italy
2%
914 José Saramago Writer 1922-2010 Portugal
2%
848 Knut Hamsun Writer 1859-1952 Norway
2%
843 Maimonides Religious Figure 1138-1204 Spain
2%
825 Martin Bormann Politician 1900-1945 Germany
2%
740 Mikhail Bakunin Philosopher 1814-1876 Russia
2%
723 Mohammad Reza Pahlavi Politician 1919-1980 Iran
2%
221 Omar Khayyam Mathematician 1048-1131 Iran
2%
683 Orhan Politician 1288-1362 Turkey
2%
481 Ötzi Celebrity 3345 BC-3255 BC Italy
2%
341 Paracelsus Physician 1493-1541 Switzerland
2%
724 Pargalı Ibrahim Pasha Politician 1493-1536 Greece
2%
799 Patrick Swayze Actor 1952-2009 United States
2%
975 Peter III of Russia Politician 1728-1762 Germany
2%
480 Phidias Sculptor 490 BC-430 BC Greece
2%
984 Philip II of France Politician 1165-1223 France
2%
401 Philip II of Macedon Politician 382 BC-336 BC Greece
2%
384 Philip IV of France Politician 1268-1314 France
2%
942 Philip IV of Spain Politician 1605-1665 Spain
2%
719 Pierre-Simon Laplace Mathematician 1749-1827 France
2%
977 Pope Clement V Religious Figure 1264-1314 France
2%
550 Pope Clement VII Religious Figure 1478-1534 Italy
2%
658 Pope Gregory XIII Religious Figure 1502-1585 Italy
2%
839 Puyi Politician 1906-1967 China
2%
530 Queen Elizabeth The Queen Mother Nobleman 1900-2002 United Kingdom
2%
559 Rabindranath Tagore Writer 1861-1941 India
2%
640 Rodrigo Duterte Politician 1945- Philippines
2%
612 Romain Rolland Writer 1866-1944 France
2%
887 Romy Schneider Actor 1938-1982 Austria
2%
938 Rüstem Pasha Politician 1500-1561 Croatia
2%
322 Saint Barbara Religious Figure 273-306 Lebanon
2%
944 Saint Dominic Religious Figure 1170-1221 Spain
2%
989 Saint Sebastian Religious Figure 255-288 France
2%
950 Sarah Bernhardt Actor 1844-1923 France
2%
281 Selim I Politician 1470-1520 Turkey
2%
171 Selim II Politician 1524-1574 Turkey
2%
761 Selma Lagerlöf Writer 1858-1940 Sweden
2%
639 Skanderbeg Politician 1405-1468 Albania
2%
579 Stefan Zweig Writer 1881-1942 Austria
2%
372 Strabo Geographer 64 BC-23 AD Turkey
2%
659 Themistocles Military Personnel 524 BC-459 BC Greece
2%
916 Theodor Herzl Writer 1860-1904 Hungary
2%
328 Uthman Politician 574-656 Saudi Arabia
2%
532 Abdul Hamid II Politician 1842-1918 Turkey
1%
994 Ahmed III Politician 1673-1736 Bulgaria
1%
462 Al-Farabi Philosopher 872-951 Afghanistan
1%
335 Al-Ghazali Philosopher 1058-1111 Iran
1%
690 Alp Arslan Politician 1029-1072 Turkey
1%
855 Alvar Aalto Architect 1898-1976 Finland
1%
445 Amenhotep III Politician 1403 BC-1350 BC Egypt
1%
608 Amitabh Bachchan Actor 1942- India
1%
654 Anaxagoras Philosopher 500 BC-428 BC Turkey
1%
776 Andreas Vesalius Physician 1514-1564 Belgium
1%
539 Anthony of Padua Religious Figure 1195-1231 Portugal
1%
895 Antonio Gramsci Philosopher 1891-1937 Italy
1%
662 A. P. J. Abdul Kalam Politician 1931-2015 India
1%
894 Arius Philosopher 256-336 Libya
1%
928 Arminius Military Personnel 17 BC-21 AD Germany
1%
932 Baldwin IV of Jerusalem Politician 1161-1185 Israel
1%
433 Bayezid I Politician 1354-1403 Turkey
1%
490 Bayezid II Politician 1447-1512 Greece
1%
496 Bernhard Riemann Mathematician 1826-1866 Germany
1%
896 Björn Ironside Politician 800-876 Denmark
1%
426 Catherine of Alexandria Religious Figure 287-305 Egypt
1%
890 Charles Aznavour Singer 1924-2018 France
1%
945 Charles Bronson Actor 1921-2003 United States
1%
972 Charles II of Spain Politician 1661-1700 Spain
1%
678 Charles I of Austria Politician 1887-1922 Austria
1%
582 Charles Perrault Writer 1628-1703 France
1%
947 Charles the Bald Politician 823-877 Germany
1%
881 Charles XII of Sweden Politician 1682-1718 Sweden
1%
735 Charles X of France Politician 1757-1836 France
1%
405 Clovis I Politician 466-511 Belgium
1%
520 Empedocles Philosopher 490 BC-430 BC Italy
1%
889 Empress Dowager Cixi Politician 1835-1908 China
1%
829 Erich Fromm Psychologist 1900-1980 Germany
1%
511 Evangelista Torricelli Physicist 1608-1647 Italy
1%
632 Ferdinand de Saussure Linguist 1857-1913 Switzerland
1%
501 Francis I of France Politician 1494-1547 France
1%
673 Giorgio Vasari Writer 1511-1574 Italy
1%
764 Giovanni Pierluigi da Palestrina Composer 1520-1594 France
1%
746 Girolamo Savonarola Religious Figure 1452-1498 Italy
1%
611 Gustavus Adolphus of Sweden Politician 1594-1632 Sweden
1%
948 Hagar Religious Figure 1930 BC-1840 BC Egypt
1%
361 Hans Christian Ørsted Physicist 1777-1851 Denmark
1%
961 Harald Fairhair Politician 850-933 Norway
1%
791 Harald V of Norway Politician 1937- Norway
1%
995 Harold Harefoot Nobleman 1016-1040 United Kingdom
1%
917 Heinrich Schliemann Archaeologist 1822-1890 Germany
1%
590 Henri Becquerel Physicist 1852-1908 France
1%
631 Henri Bergson Philosopher 1859-1941 France
1%
439 Henry Dunant Social Activist 1828-1910 Switzerland
1%
745 Heraclius Politician 575-641 Turkey
1%
619 Hildegard von Bingen Religious Figure 1098-1179 Germany
1%
258 Huang Xianfan Politician 1899-1982 China
1%
804 Hugo Grotius Lawyer 1583-1645 Netherlands
1%
873 Hu Jintao Politician 1942- China
1%
400 Ibn Khaldun Historian 1332-1406 Tunisia
1%
743 Jean-Baptiste Lamarck Biologist 1744-1829 France
1%
518 Jerome Religious Figure 345-420 Serbia
1%
877 Johann Gottlieb Fichte Philosopher 1762-1814 Germany
1%
893 Johann Heinrich Pestalozzi Social Activist 1746-1827 Switzerland
1%
963 Juan Carlos I of Spain Nobleman 1938- Italy
1%
898 Karl Jaspers Philosopher 1883-1969 Germany
1%
739 Khalid ibn al-Walid Military Personnel 592-642 Saudi Arabia
1%
973 L. L. Zamenhof Physician 1859-1917 Poland
1%
647 Louis de Funès Actor 1914-1983 France
1%
811 Lucius Tarquinius Superbus Politician 600 BC-495 BC Italy
1%
544 Lucretius Philosopher 94 BC-55 BC Italy
1%
824 Ludwig Feuerbach Philosopher 1804-1872 Germany
1%
927 Luigi Galvani Physicist 1737-1798 Italy
1%
844 Madame de Pompadour Companion 1721-1764 France
1%
946 Mahmud II Politician 1785-1839 Turkey
1%
360 Martin of Tours Religious Figure 316-397 Hungary
1%
863 Masaccio Painter 1401-1428 Italy
1%
813 Maurice Maeterlinck Writer 1862-1949 Belgium
1%
677 Maximilian I, Holy Roman Emperor Politician 1459-1519 Austria
1%
934 Mikhail Kalashnikov Engineer 1919-2013 Russia
1%
616 Mimar Sinan Architect 1490-1588 Turkey
1%
753 Miyamoto Musashi Writer 1584-1645 Japan
1%
648 Muhammad al-Bukhari Religious Figure 810-870 Uzbekistan
1%
422 Murad I Politician 1326-1389 Turkey
1%
505 Murad II Politician 1404-1451 Turkey
1%
272 Murad III Politician 1546-1595 Turkey
1%
325 Murad IV Politician 1612-1640 Turkey
1%
413 Mustafa I Politician 1591-1639 Turkey
1%
872 Nefertari Companion 1290 BC-1255 BC Egypt
1%
967 Nicolas Flamel Writer 1330-1425 France
1%
939 Nursultan Nazarbayev Politician 1940- Kazakhstan
1%
817 Odoacer Politician 433-493 Serbia
1%
455 Origen Philosopher 185-254 Egypt
1%
790 Paul I of Russia Politician 1754-1801 Russia
1%
874 Peter Abelard Philosopher 1079-1142 France
1%
866 Philip V of Spain Politician 1683-1746 France
1%
602 Plotinus Philosopher 203-270 Egypt
1%
676 Pope Julius II Religious Figure 1443-1513 Italy
1%
635 Princess Margaret, Countess of Snowdon Nobleman 1930-2002 United Kingdom
1%
383 Protagoras Philosopher 486 BC-420 BC Greece
1%
416 Queen of Sheba Religious Figure 11th c. BC-955 BC Ethiopia
1%
904 Rainer Maria Rilke Writer 1875-1926 Czechia
1%
369 Rajneesh Occultist 1931-1990 India
1%
959 Ramakrishna Philosopher 1836-1886 India
1%
943 Ratko Mladić Military Personnel 1942- Bosnia and Herzegovina
1%
755 Romulus Augustulus Religious Figure 460-527 Serbia
1%
899 Rudolf Steiner Philosopher 1861-1925 Hungary
1%
859 Şehzade Bayezid Politician 1525-1561 Turkey
1%
720 Sima Qian Historian 145 BC-86 BC China
1%
845 Teresa of Ávila Religious Figure 1515-1582 Spain
1%
340 Theodosius I Politician 340-395 Spain
1%
675 Thutmose III Politician 1481 BC-1425 BC Egypt
1%
870 Valentina Tereshkova Astronaut 1937- Russia
1%
613 Vitruvius Architect 75 BC-15 BC Italy
1%
600 Abu Hanifa Religious Figure 698-767 Iraq
0%
493 Al-Biruni Mathematician 973-1048 Uzbekistan
0%
850 Anni-Frid Lyngstad Singer 1945- Norway
0%
535 Anthony the Great Religious Figure 251-356 Egypt
0%
996 Beatrix of the Netherlands Politician 1938- Netherlands
0%
952 Bernard of Clairvaux Religious Figure 1090-1153 France
0%
919 Carl XVI Gustaf of Sweden Politician 1946- Sweden
0%
736 Cleisthenes Politician 565 BC-492 BC Greece
0%
936 Dalida Singer 1933-1987 Egypt
0%
955 Elizabeth of Russia Politician 1709-1762 Russia
0%
773 Ferdinand I of Austria Politician 1793-1875 Austria
0%
908 Giuseppe Arcimboldo Painter 1526-1593 Italy
0%
786 Gorgias Philosopher 483 BC-375 BC Greece
0%
777 Harun al-Rashid Politician 766-809 Iran
0%
795 Ibrahim of the Ottoman Empire Politician 1615-1648 Turkey
0%
910 Ismail I Writer 1487-1524 Iran
0%
803 Jean-François Champollion Archaeologist 1790-1832 France
0%
660 Joanna of Castile Politician 1479-1555 Spain
0%
477 John Amos Comenius Philosopher 1592-1670 Czechia
0%
644 John Chrysostom Religious Figure 349-407 Turkey
0%
924 Kanō Jigorō Martial Arts 1860-1938 Japan
0%
650 Khadija bint Khuwaylid Companion 556-619 Saudi Arabia
0%
822 Lev Vygotsky Psychologist 1896-1934 Belarus
0%
730 Louis Philippe I Politician 1773-1850 France
0%
706 Louis the Pious Politician 778-840 France
0%
750 Mahidevran Politician 1500-1581 Turkey
0%
494 Margrethe II of Denmark Nobleman 1940- Denmark
0%
718 Marie Louise, Duchess of Parma Companion 1791-1847 Austria
0%
857 Muhammad ibn Zakariya al-Razi Physician 865-925 Iran
0%
431 Octave Mirbeau Writer 1848-1917 France
0%
452 Pierre de Coubertin Businessperson 1863-1937 France
0%
645 Pope Sylvester I Religious Figure 300-335 Italy
0%
960 Ptolemy I Soter Military Personnel 367 BC-283 BC Greece
0%
880 Rudolf, Crown Prince of Austria Nobleman 1858-1889 Austria
0%
987 Rudolf II, Holy Roman Emperor Politician 1552-1612 Austria
0%
693 Salman of Saudi Arabia Politician 1935- Saudi Arabia
0%
988 Sejong the Great Politician 1397-1450 South Korea
0%
922 Tolui Politician 1191-1232 Mongolia
0%
770 Tomyris Politician 600 BC-520s BC Kazakhstan
0%
816 Wilhelm Wundt Psychologist 1832-1920 Germany
0%
980 William of Ockham Philosopher 1285-1347 United Kingdom
0%
956 William the Silent Politician 1533-1584 Germany
0%
No matching quizzes found
Score Distribution
Percent of People with Each Score
Percentile by Number Answered
Your Score History
You have not taken this quiz